Sagesse de la Chine, les grandes valeurs d'une culture millènaire
Enregistré dans:
| Auteur principal: | |
|---|---|
| Format: | Livre |
| Langue: | Undetermined |
| Publié: |
Paris
Marabout Universite
1966
|
| Sujets: | |
| Tags: |
Ajouter un tag
Pas de tags, Soyez le premier à ajouter un tag!
|
| Thư viện lưu trữ: | Trung tâm Học liệu Trường Đại học Cần Thơ |
|---|
| LEADER | 00555nam a2200193Ia 4500 | ||
|---|---|---|---|
| 001 | CTU_90146 | ||
| 008 | 210402s9999 xx 000 0 und d | ||
| 082 | |a 915.04 | ||
| 082 | |b P895 | ||
| 100 | |a Praag, Henri van | ||
| 245 | 0 | |a Sagesse de la Chine, les grandes valeurs d'une culture millènaire | |
| 245 | 0 | |c Henri van Praag | |
| 260 | |a Paris | ||
| 260 | |b Marabout Universite | ||
| 260 | |c 1966 | ||
| 650 | |a Philosophy,Civilization | ||
| 650 | |z China,China | ||
| 904 | |i Nguyên,Hải | ||
| 980 | |a Trung tâm Học liệu Trường Đại học Cần Thơ | ||